000 00636nam a2200241Ia 4500
003 OSt
005 20220918180040.0
006 a|||||r|||| 00| 0
007 ta
008 220917b |||||||| |||| 00| 0 eng d
024 _a20,354
037 _cTextual
040 _aARTS
_cARTS
_beng
041 _2eng
_aeng
082 _aO111,1:gN3, K9 (TTO)
100 _aMaxwell D. E. S
245 0 _aPoets of the thirties
260 _aLondon
_bRoutledge
_c1969
300 _a223p.
_ccm.
650 _aENGLISH LITERATURE
942 _hO111,1:gN3, K9 (TTO)
_cTEXL
_2CC
999 _c160088
_d160088